Effect of organicfertilizers on chinese kale at muk kampoul district, kandal province ឥទ្ធិពលនៃជីធម្មជាតិទៅលើដំណាំខាត់ណានៅស្រុកមុខកំពូលខេត្តកណ្ដាល (Record no. 1033)

000 -LEADER
fixed length control field 00631nam a22001577a 4500
003 - CONTROL NUMBER IDENTIFIER
control field OSt
005 - DATE AND TIME OF LATEST TRANSACTION
control field 20150922093851.0
008 - FIXED-LENGTH DATA ELEMENTS--GENERAL INFORMATION
fixed length control field 150922b xxu||||| |||| 00| 0 eng d
040 ## - CATALOGING SOURCE
Transcribing agency RUA
082 ## - DEWEY DECIMAL CLASSIFICATION NUMBER
Classification number AGR CHE 2008 B035 Or.1
100 ## - MAIN ENTRY--PERSONAL NAME
9 (RLIN) 1076
Personal name CHEANG, PISETH.
245 ## - TITLE STATEMENT
Title Effect of organicfertilizers on chinese kale at muk kampoul district, kandal province ឥទ្ធិពលនៃជីធម្មជាតិទៅលើដំណាំខាត់ណានៅស្រុកមុខកំពូលខេត្តកណ្ដាល
260 ## - PUBLICATION, DISTRIBUTION, ETC. (IMPRINT)
Place of publication, distribution, etc. Phnom Penh
Name of publisher, distributor, etc. RUA
Date of publication, distribution, etc. 2008
300 ## - PHYSICAL DESCRIPTION
Extent x, 39p.
Other physical details ill.
Dimensions 29cm.
942 ## - ADDED ENTRY ELEMENTS (KOHA)
Source of classification or shelving scheme
Koha item type AGR
Holdings
Price effective from Date last seen Permanent Location Not for loan Date acquired Source of classification or shelving scheme Koha item type Barcode Lost status Damaged status Shelving location Withdrawn status Current Location Full call number
2015-09-222015-09-22Library Block B 2015-09-22 AGRRUA002347  B035 Library Block BAGR CHE 2008 B035 Or.1
2015-09-222015-09-22Library Block B 2015-09-22 AGRRUA002005  B035 Library Block BAGR CHE 2008 B035 Or.2
2015-09-222015-09-22Library Block B 2015-09-22 AGRRUA002290  B035 Library Block BAGR CHE 2008 B035 Or.3
2015-09-222015-09-22Library Block B 2015-09-22 AGRRUA002146  B035 Library Block BAGR CHE 2008 B035 Or.4
2015-09-222015-09-22Library Block B 2015-09-22 AGRRUA002074  B035 Library Block BAGR CHE 2008 B035 Or.5
មជ្ឈមណ្ឌលឯការនៃសាកលវិទ្យាល័យភូមិន្ទកសិកម្មចំការដូង

Powered by Koha